Operation and modeling of the MOS transittor (Record no. 309)

MARC details
000 -LEADER
Fixed length control field 00484nam a2200181 4500
003 - CONTROL NUMBER IDENTIFIER
Control field SEACOMEC
005 - DATE AND TIME OF LATEST TRANSACTION
Control field 20231223120528.0
008 - FIXED-LENGTH DATA ELEMENTS--GENERAL INFORMATION
Fixed length control field 231223b |||||||| |||| 00| 0 eng d
020 ## - INTERNATIONAL STANDARD BOOK NUMBER / ISBN
Price Rs.375.00
040 ## - CATALOGING SOURCE
Original cataloging agency SEACOMEC
082 ## - DEWEY DECIMAL CLASSIFICATION NUMBER
Classification number 621.381528
Book Number T582
100 ## - MAIN ENTRY--PERSONAL NAME
Personal name Tsividis,Yannis
245 1# - TITLE STATEMENT
Title Operation and modeling of the MOS transittor
Statement of responsibility Yannis Tsividis
250 ## - EDITION STATEMENT
Edition statement 2 nd ed.
260 ## - IMPRINT
Place of publication New York
Name of publisher Oxford
Date of publication 1999
650 ## - SUBJECT ADDED ENTRY--TOPICAL TERM
Topical term Technology,Components and circuits
942 ## - ADDED ENTRY ELEMENTS (KOHA)
Koha item type Books
Holdings
Withdrawn status Lost status Source of classification Damaged status Not for loan Home library Current library Date acquired Total Checkouts Call number Accession number Date last seen Copy number Price effective from Koha item type
    Dewey Decimal Classification     SEACOM ENGINEERING COLLEGE SEACOM ENGINEERING COLLEGE 02/06/2006   621.381528 T582 00717 23/12/2023 10 23/12/2023 Books
    Dewey Decimal Classification     SEACOM ENGINEERING COLLEGE SEACOM ENGINEERING COLLEGE 02/06/2006   621.381528 T582 00718 23/12/2023 11 23/12/2023 Books
    Dewey Decimal Classification     SEACOM ENGINEERING COLLEGE SEACOM ENGINEERING COLLEGE 02/06/2006   621.381528 T582 00719 23/12/2023 12 23/12/2023 Books
    Dewey Decimal Classification     SEACOM ENGINEERING COLLEGE SEACOM ENGINEERING COLLEGE 02/06/2006   621.381528 T582 00720 23/12/2023 13 23/12/2023 Books
    Dewey Decimal Classification     SEACOM ENGINEERING COLLEGE SEACOM ENGINEERING COLLEGE 02/06/2006   621.381528 T582 00721 23/12/2023 14 23/12/2023 Books
    Dewey Decimal Classification     SEACOM ENGINEERING COLLEGE SEACOM ENGINEERING COLLEGE 02/06/2006   621.381528 T582 00722 23/12/2023 15 23/12/2023 Books
    Dewey Decimal Classification     SEACOM ENGINEERING COLLEGE SEACOM ENGINEERING COLLEGE 02/06/2006   621.381528 T582 00723 23/12/2023 16 23/12/2023 Books
    Dewey Decimal Classification     SEACOM ENGINEERING COLLEGE SEACOM ENGINEERING COLLEGE 02/06/2006   621.381528 T582 00724 23/12/2023 17 23/12/2023 Books
    Dewey Decimal Classification     SEACOM ENGINEERING COLLEGE SEACOM ENGINEERING COLLEGE 02/06/2006   621.381528 T582 00725 23/12/2023 18 23/12/2023 Books
    Dewey Decimal Classification     SEACOM ENGINEERING COLLEGE SEACOM ENGINEERING COLLEGE 02/06/2006   621.381528 T582 00726 23/12/2023 19 23/12/2023 Books
© Seacom Engineering College, All rights reserved.      Powered by Koha